000 00606nam a2200229Ia 4500
003 OSt
005 20220928102147.0
006 a|||||r|||| 00| 0
007 ta
008 220927b |||||||| |||| 00| 0 eng d
024 _a59273
037 _cTextual
040 _aSDCL
_cSDCL
_beng
041 _2eng
_aeng
082 _aO152,3N582x, N4
100 _aBudhalakoti Nivedita
_9396874
245 0 _aHurdle race.
260 _aDelhi
_bKadambari Prakashan
_c1994
300 _a144p.
_ccm.
942 _hO152,3N582x, N4
_cTEXL
_2CC
999 _c712641
_d712641